Country Association Game #1 - Statistics

General Stats
  • This quiz has been taken 46 times
  • The average score is 5 of 5
Answer Stats
Answer % Correct
Finland
100%
North Korea
100%
Russia
90%
Azerbaijan
85%
Kazakhstan
83%
No matching quizzes found
Score Distribution
Percent of People with Each Score
Percentile by Number Answered
Your Score History
You have not taken this quiz